Diagnostika malých a stredných podnikov
Diagnostika podniku - definícia. Malý a stredný podnik ako objekt diagnostiky. Diagnostika bonity malých a stredných podnikov. Metodika výpočtu pomerových ukazovateľov.
Na minha lista:
| Autor principal: | |
|---|---|
| Outros Autores: | |
| Formato: | Capítulo de Livro |
| Idioma: | eslovaco |
| Assuntos: | |
| Tags: |
Sem tags, seja o primeiro a adicionar uma tag!
|
MARC
| LEADER | 00000naa$a2200000$$$4500 | ||
|---|---|---|---|
| 001 | 0026112 | ||
| 005 | 20230919100338.5 | ||
| 041 | 0 | |a slo | |
| 044 | |a SK | ||
| 245 | 1 | 0 | |a Diagnostika malých a stredných podnikov |c Jozefa Procházková, Cyril Srnka |
| 520 | |a Diagnostika podniku - definícia. Malý a stredný podnik ako objekt diagnostiky. Diagnostika bonity malých a stredných podnikov. Metodika výpočtu pomerových ukazovateľov. | ||
| 610 | 2 | 0 | |a podnik malý |
| 610 | 2 | 0 | |a podnik stredný |
| 610 | 2 | 0 | |a diagnostika podniková |
| 610 | 2 | 0 | |a definície |
| 610 | 2 | 0 | |a hodnota podniku |
| 610 | 2 | 0 | |a rentabilita podniku |
| 610 | 2 | 0 | |a ukazovatele |
| 610 | 2 | 0 | |a ukazovatele pomerové |
| 610 | 2 | 0 | |a likvidita podniku |
| 610 | 2 | 0 | |a zadlženosť |
| 100 | 1 | |a Procházková, Jozefa | |
| 700 | 1 | |a Srnka, Cyril | |